[Event "IX Torneo Banco di Roma B"]
[Site "Roma ITA"]
[Date "1985.02.??"]
[Round "1"]
[White "Bukal, Vladimir sr"]
[Black "Ghitescu, Theodor"]
[WhiteElo "2440"]
[BlackElo "2455"]
[Result "1/2-1/2"]
[PlyCount "81"]
[EventDate "1985.02.16"]

1. c4 e5 2. Nc3 c5 3. g3 Nc6 4. Bg2 g6 5. e3 Bg7 6. Nge2 Nge7 7. a3 d6 8. Nd5
Nxd5 9. cxd5 Ne7 10. d4 exd4 11. exd4 cxd4 12. Nxd4 O-O 13. O-O Nf5 14. Nf3 Re8
15. Rb1 Bd7 16. Bd2 Bb5 17. Re1 Bc4 18. g4 Rxe1+ 19. Bxe1 Ne7 20. Ng5 h6 21. b3
Bb5 22. Ne4 f5 23. Ng3 Bd7 24. h3 Qb6 25. Bf3 Be5 26. Kg2 Rc8 27. Ne2 g5 28.
Ng3 Rf8 29. gxf5 Nxf5 30. Nxf5 Bxf5 31. Rc1 Qd8 32. Bg4 Be4+ 33. f3 Qf6 34. Bd2
Bxd5 35. Bxg5 Bxf3+ 36. Qxf3 Qxg5 37. Qd5+ Kh8 38. Rf1 Rxf1 39. Kxf1 Qe3 40.
Qxb7 Qd3+ 41. Kg2 1/2-1/2

[Event "IX Torneo Banco di Roma B"]
[Site "Roma ITA"]
[Date "1985.02.??"]
[Round "1"]
[White "D'Amore, Carlo"]
[Black "Durao, Joaquim Manuel"]
[WhiteElo "2335"]
[BlackElo "2250"]
[Result "1/2-1/2"]
[PlyCount "86"]
[EventDate "1985.02.16"]

1. Nf3 Nf6 2. g3 g6 3. b3 Bg7 4. Bb2 d6 5. d4 O-O 6. Bg2 e5 7. dxe5 Ng4 8. O-O
Nc6 9. Nc3 Ncxe5 10. Nxe5 Nxe5 11. Qd2 Rb8 12. Nd1 Be6 13. f4 Nc6 14. Bxg7 Kxg7
15. e4 f6 16. Ne3 Qd7 17. Rf2 Rbd8 18. c4 Ne7 19. Qc3 Bg8 20. Rd1 Qe6 21. Rfd2
Nc6 22. b4 Qe7 23. Nd5 Bxd5 24. exd5 Nb8 25. Bh3 Kh6 26. Be6 f5 27. Re2 Qf6 28.
Qxf6 Rxf6 29. b5 Kg7 30. Rd3 a5 31. Kf2 b6 32. Rde3 Nd7 33. Bxd7 Rxd7 34. Kf3
Rff7 35. Re1 Kf8 36. Re8+ Kg7 37. h3 Rf8 38. R8e3 Rdf7 39. R3e2 Rf6 40. Re3
R6f7 41. Ke2 Rf6 42. Kd3 R6f7 43. Re6 Rf6 1/2-1/2

[Event "IX Torneo Banco di Roma B"]
[Site "Roma ITA"]
[Date "1985.02.??"]
[Round "1"]
[White "Sanna, Gianlazzaro"]
[Black "Bhend, Edwin"]
[WhiteElo "2335"]
[BlackElo "2370"]
[Result "1/2-1/2"]
[PlyCount "38"]
[EventDate "1985.02.16"]

1. d4 f5 2. g3 g6 3. Nf3 Bg7 4. Bg2 Nf6 5. O-O O-O 6. b3 d6 7. Bb2 Qe8 8. c4 h6
9. Nc3 g5 10. e3 Na6 11. d5 c5 12. Ne1 Nc7 13. a4 Bd7 14. Nd3 a6 15. e4 Ng4 16.
h3 Ne5 17. Nxe5 Bxe5 18. exf5 Bxf5 19. Qe2 Qg6 1/2-1/2

[Event "IX Torneo Banco di Roma B"]
[Site "Roma ITA"]
[Date "1985.02.??"]
[Round "1"]
[White "Skembris, Spyridon"]
[Black "Passerotti, Pierluigi"]
[WhiteElo "2435"]
[BlackElo "2280"]
[Result "1-0"]
[PlyCount "71"]
[EventDate "1985.02.16"]

1. d4 Nf6 2. Nf3 d5 3. c4 e6 4. Nc3 c6 5. Qd3 dxc4 6. Qxc4 b5 7. Qd3 Nbd7 8. g3
Bb7 9. Bg2 b4 10. Ne4 c5 11. Nfg5 Nxe4 12. Nxe4 Bd5 13. O-O c4 14. Qc2 Be7 15.
h4 h6 16. Bh3 O-O 17. Nd2 Rc8 18. e4 Bb7 19. Rd1 c3 20. bxc3 Rxc3 21. Qb1 Nf6
22. Bb2 Rc7 23. Bg2 Qa8 24. a3 Rfc8 25. axb4 Rc2 26. d5 exd5 27. e5 Ne4 28.
Nxe4 dxe4 29. Bd4 a6 30. Bf1 Qb8 31. Qb3 e3 32. Qxe3 Bxb4 33. e6 Qc7 34. Bxa6
Bxa6 35. Rxa6 fxe6 36. Ra7 $136 1-0

[Event "IX Torneo Banco di Roma B"]
[Site "Roma ITA"]
[Date "1985.02.??"]
[Round "2"]
[White "Durao, Joaquim Manuel"]
[Black "Skembris, Spyridon"]
[WhiteElo "2250"]
[BlackElo "2435"]
[Result "1/2-1/2"]
[PlyCount "101"]
[EventDate "1985.02.16"]

1. e4 c6 2. d4 d5 3. exd5 cxd5 4. Bd3 Nc6 5. c3 g6 6. Bf4 Bf5 7. Bxf5 gxf5 8.
Ne2 e6 9. Nd2 Nf6 10. Nf3 Rg8 11. Ng3 Bd6 12. Bg5 Be7 13. Qe2 Ne4 14. Bxe7 Qxe7
15. Nd2 Nxd2 16. Qxd2 Qh4 17. Qe2 O-O-O 18. Qh5 Qf6 19. Qf3 Rg4 20. h3 Rh4 21.
O-O-O Rg8 22. Rhg1 Kb8 23. Kb1 Qg5 24. Ka1 Qf4 25. Qxf4+ Rxf4 26. Rdf1 Kc7 27.
Kb1 Rh4 28. Ne2 Kd6 29. Re1 b5 30. Kc2 Ne7 31. Kd3 Ng6 32. a4 bxa4 33. Ra1 Rb8
34. Rgb1 f4 35. Rxa4 f3 36. gxf3 Rb7 37. Rba1 Rxh3 38. Ke3 Ne7 39. Rxa7 Nf5+
40. Kd2 Rxb2+ 41. Kc1 Rb6 42. Kd2 Kc6 43. Nf4 Rxf3 44. Nd3 f6 45. Rxh7 Rb3 46.
Ra6+ Kb5 47. Rxe6 Nxd4 48. Re8 Nc6 49. Rb7+ Kc4 50. Nb2+ Rxb2+ 51. Rxb2 1/2-1/2

[Event "IX Torneo Banco di Roma B"]
[Site "Roma ITA"]
[Date "1985.02.??"]
[Round "2"]
[White "Passerotti, Pierluigi"]
[Black "Bukal, Vladimir sr"]
[WhiteElo "2280"]
[BlackElo "2440"]
[Result "0-1"]
[PlyCount "72"]
[EventDate "1985.02.16"]

1. e4 e6 2. d4 d5 3. Nc3 Bb4 4. e5 c5 5. a3 Bxc3+ 6. bxc3 Ne7 7. Qg4 O-O 8. Nf3
Nbc6 9. Bd3 f5 10. exf6 Rxf6 11. Bg5 Rf7 12. Qh4 h6 13. Bxe7 Qxe7 14. Qxe7 Rxe7
15. dxc5 e5 16. Nd2 e4 17. Bb5 Ne5 18. O-O Be6 19. Rae1 Rc8 20. c4 Rxc5 21. f4
dxc4 22. fxe5 Rxb5 23. Rxe4 Bd5 24. Re3 Rb2 25. Rc1 b5 26. Nf3 Bxf3 27. gxf3 g5
28. Kf2 Kf7 29. Ke2 Ke6 30. Kd2 Ra2 31. h4 Rd7+ 32. Ke2 Rd5 33. hxg5 hxg5 34.
a4 b4 35. f4 gxf4 36. Rh3 Kxe5 0-1

[Event "IX Torneo Banco di Roma B"]
[Site "Roma ITA"]
[Date "1985.02.??"]
[Round "3"]
[White "Bhend, Edwin"]
[Black "Ghitescu, Theodor"]
[WhiteElo "2370"]
[BlackElo "2455"]
[Result "1/2-1/2"]
[PlyCount "39"]
[EventDate "1985.02.16"]

1. e4 c5 2. f4 Nc6 3. Nf3 g6 4. Be2 Bg7 5. c3 d5 6. d3 e6 7. O-O Nge7 8. Na3 d4
9. Bd2 a6 10. Qe1 b5 11. Nc2 a5 12. cxd4 cxd4 13. Qf2 O-O 14. e5 f6 15. Ncxd4
fxe5 16. Nxc6 Nxc6 17. Qc5 Nd4 18. Nxd4 Qxd4+ 19. Qxd4 exd4 20. Bf3 1/2-1/2

[Event "IX Torneo Banco di Roma B"]
[Site "Roma ITA"]
[Date "1985.02.??"]
[Round "3"]
[White "Bukal, Vladimir sr"]
[Black "Durao, Joaquim Manuel"]
[WhiteElo "2440"]
[BlackElo "2250"]
[Result "0-1"]
[PlyCount "66"]
[EventDate "1985.02.16"]

1. c4 Nf6 2. Nc3 g6 3. g3 Bg7 4. Bg2 d6 5. Nf3 O-O 6. O-O e5 7. d4 Nc6 8. d5
Ne7 9. c5 Ne8 10. cxd6 Nxd6 11. e4 h6 12. b3 f5 13. Nd2 Bd7 14. Bb2 b5 15. Rc1
c5 16. Ne2 Qb6 17. f4 fxe4 18. fxe5 Nef5 19. Nxe4 c4+ 20. Kh1 Ne3 21. Rxf8+
Rxf8 22. Qg1 Nxe4 23. Bxe4 Ng4 24. Qxb6 axb6 25. Bxg6 Bxe5 26. Bxe5 Nxe5 27.
Be4 Rf2 28. Rc2 Bh3 29. d6 Kf7 30. Ng1 Bg2+ 31. Bxg2 Rxc2 32. Bd5+ Ke8 33. bxc4
bxc4 0-1

[Event "IX Torneo Banco di Roma B"]
[Site "Roma ITA"]
[Date "1985.02.??"]
[Round "3"]
[White "Sanna, Gianlazzaro"]
[Black "Passerotti, Pierluigi"]
[WhiteElo "2335"]
[BlackElo "2280"]
[Result "1-0"]
[PlyCount "65"]
[EventDate "1985.02.16"]

1. d4 Nf6 2. c4 e6 3. Nc3 Bb4 4. Qc2 c5 5. dxc5 Na6 6. a3 Bxc3+ 7. Qxc3 Nxc5 8.
f3 a5 9. e4 d6 10. Ne2 e5 11. Be3 Qe7 12. Qc2 O-O 13. Nc3 Be6 14. Be2 Nh5 15.
O-O f5 16. b4 Na6 17. exf5 Bxf5 18. Nd5 Bxc2 19. Nxe7+ Kf7 20. Nd5 axb4 21.
axb4 Nf6 22. Ra5 Nxd5 23. Rxd5 Nxb4 24. Rxd6 Rfb8 25. f4 e4 26. Rd7+ Kg8 27.
Bd4 Nc6 28. Bxg7 Rd8 29. Rxb7 Rd2 30. Bg4 Nd8 31. Re7 Bd3 32. Bc3 Rc2 33. Re8+
1-0

[Event "IX Torneo Banco di Roma B"]
[Site "Roma ITA"]
[Date "1985.02.??"]
[Round "3"]
[White "Skembris, Spyridon"]
[Black "Tassi, Oliviero"]
[WhiteElo "2435"]
[BlackElo "2330"]
[Result "0-1"]
[PlyCount "84"]
[EventDate "1985.02.16"]

1. d4 Nf6 2. c4 c5 3. e3 e6 4. Nc3 d5 5. Nf3 Nc6 6. a3 Bd6 7. dxc5 Bxc5 8. b4
Bd6 9. Bb2 O-O 10. Qb3 Qe7 11. Rd1 a5 12. b5 dxc4 13. Qa2 Ne5 14. Nxe5 Bxe5 15.
Bxc4 b6 16. Na4 Bc7 17. f3 Nd5 18. Bd4 Qh4+ 19. g3 Bxg3+ 20. Ke2 Bc7 21. Bxd5
exd5 22. Rdg1 g6 23. Nxb6 Re8 24. Nxa8 Qxd4 25. Qd2 Qc4+ 26. Qd3 Qa2+ 27. Kd1
Bxh2 28. Re1 Bf5 29. Qd2 Qb3+ 30. Ke2 Bg3 31. Rc1 Qxb5+ 32. Kd1 Rxa8 33. Qd4
Re8 34. Rc5 Qb1+ 35. Rc1 Qb3+ 36. Ke2 Qa2+ 37. Qd2 Rxe3+ 38. Kxe3 Bf4+ 39. Kxf4
Qxd2+ 40. Ke5 Be6 41. Kf6 Qf4+ 42. Ke7 d4 0-1

[Event "IX Torneo Banco di Roma B"]
[Site "Roma ITA"]
[Date "1985.02.??"]
[Round "4"]
[White "Durao, Joaquim Manuel"]
[Black "Sanna, Gianlazzaro"]
[WhiteElo "2250"]
[BlackElo "2335"]
[Result "0-1"]
[PlyCount "98"]
[EventDate "1985.02.16"]

1. e4 c5 2. Nf3 d6 3. d4 cxd4 4. Nxd4 Nf6 5. Nc3 Nc6 6. f4 e5 7. Nf3 Be7 8. Bd3
Qb6 9. a3 O-O 10. f5 Rd8 11. Na4 Qc7 12. c4 Bxf5 13. exf5 e4 14. O-O exf3 15.
Qxf3 Ne5 16. Qe2 Rac8 17. b3 Nxd3 18. Qxd3 d5 19. cxd5 Rxd5 20. Qe2 b5 21. Bf4
Qd7 22. Nb2 Rxf5 23. Nd3 Nd5 24. b4 Nxf4 25. Nxf4 Qd4+ 26. Kh1 Bf6 27. Rac1 Rf8
28. Nh5 Bg5 29. Rxf5 Bxc1 30. Rxb5 Bxa3 31. h3 Bxb4 32. Ng3 g6 33. Ne4 Rc8 34.
Rd5 Rc1+ 35. Kh2 Qg1+ 36. Kg3 Qe1+ 37. Qxe1 Rxe1 38. Kf3 f5 39. Nf6+ Kg7 40.
Nd7 Re7 41. Ne5 Rc7 42. Nd3 Bc3 43. g4 fxg4+ 44. hxg4 h6 45. Rd6 g5 46. Rd5 a5
47. Nc5 Ra7 48. Ne4 Bb4 49. Rb5 Bf8 0-1

[Event "IX Torneo Banco di Roma B"]
[Site "Roma ITA"]
[Date "1985.02.??"]
[Round "4"]
[White "Passerotti, Pierluigi"]
[Black "Bhend, Edwin"]
[WhiteElo "2280"]
[BlackElo "2370"]
[Result "1-0"]
[PlyCount "59"]
[EventDate "1985.02.16"]

1. Nf3 f5 2. g3 g6 3. c4 Bg7 4. d4 d6 5. Nc3 Nf6 6. Bg2 O-O 7. O-O Qe8 8. Re1
e5 9. dxe5 dxe5 10. e4 fxe4 11. Ng5 Nc6 12. Ncxe4 Nxe4 13. Qd5+ Kh8 14. Qxe4
Nd4 15. Be3 c5 16. Qh4 h5 17. Bxd4 cxd4 18. f4 d3 19. Rad1 Qa4 20. fxe5 Bg4 21.
Rxd3 Qxc4 22. Rde3 Rf5 23. Re4 Qc2 24. h3 Bh6 25. hxg4 Rxg5 26. e6 Kg7 27. Rf1
Qc5+ 28. Kh2 hxg4 29. Rf7+ Kg8 30. Rxg4 1-0

[Event "IX Torneo Banco di Roma B"]
[Site "Roma ITA"]
[Date "1985.02.??"]
[Round "4"]
[White "Tassi, Oliviero"]
[Black "Bukal, Vladimir sr"]
[WhiteElo "2330"]
[BlackElo "2440"]
[Result "0-1"]
[PlyCount "44"]
[EventDate "1985.02.16"]

1. e4 e6 2. d4 d5 3. Nc3 Bb4 4. e5 c5 5. a3 Bxc3+ 6. bxc3 Ne7 7. Qg4 Nbc6 8.
Qxg7 Rg8 9. Qxh7 cxd4 10. Nf3 Qc7 11. Kd1 dxc3 12. Bb5 Bd7 13. Bxc6 Bxc6 14.
Ng5 Rf8 15. Re1 d4 16. f3 d3 17. cxd3 c2+ 18. Ke2 Qxe5+ 19. Be3 Nf5 20. Ne4
Bxe4 21. fxe4 Nxe3 22. Kxe3 Rh8 0-1

[Event "IX Torneo Banco di Roma B"]
[Site "Roma ITA"]
[Date "1985.02.??"]
[Round "5"]
[White "Bhend, Edwin"]
[Black "Durao, Joaquim Manuel"]
[WhiteElo "2370"]
[BlackElo "2250"]
[Result "1/2-1/2"]
[PlyCount "32"]
[EventDate "1985.02.16"]

1. e4 e5 2. Bc4 Nc6 3. Nc3 Nf6 4. d3 Bc5 5. Be3 Bb6 6. Nge2 Na5 7. Ng3 d6 8.
O-O O-O 9. h3 Nxc4 10. dxc4 Be6 11. b3 Nd7 12. Qd2 f6 13. Nf5 Ba5 14. a3 Bxc3
15. Qxc3 Qe8 16. Qd3 Rd8 1/2-1/2

[Event "IX Torneo Banco di Roma B"]
[Site "Roma ITA"]
[Date "1985.02.??"]
[Round "5"]
[White "Ghitescu, Theodor"]
[Black "Passerotti, Pierluigi"]
[WhiteElo "2455"]
[BlackElo "2280"]
[Result "1/2-1/2"]
[PlyCount "57"]
[EventDate "1985.02.16"]

1. d4 d5 2. c4 e6 3. Nc3 c6 4. e3 f5 5. Nf3 Nf6 6. g3 Bd6 7. Bg2 Nbd7 8. O-O
O-O 9. Qc2 Ng4 10. Ne2 Ndf6 11. h3 Nh6 12. b3 Bd7 13. Bb2 Qe7 14. Nf4 Kh8 15.
Ne5 Be8 16. f3 g5 17. Nfd3 g4 18. Nf4 gxf3 19. Bxf3 Rg8 20. Kh2 Nf7 21. Rg1 Ng5
22. Be2 Nge4 23. Raf1 Bf7 24. g4 fxg4 25. Nxg4 Nxg4+ 26. Bxg4 Rg7 27. Bf3 Ng5
28. Rg3 Bg6 29. Qe2 1/2-1/2

[Event "IX Torneo Banco di Roma B"]
[Site "Roma ITA"]
[Date "1985.02.??"]
[Round "5"]
[White "Sanna, Gianlazzaro"]
[Black "Tassi, Oliviero"]
[WhiteElo "2335"]
[BlackElo "2330"]
[Result "0-1"]
[PlyCount "58"]
[EventDate "1985.02.16"]

1. d4 Nf6 2. c4 c5 3. d5 e6 4. Nc3 exd5 5. cxd5 d6 6. e4 g6 7. f3 Bg7 8. Bg5 h6
9. Be3 Qe7 10. Qd2 a6 11. a4 b6 12. Nge2 Nbd7 13. Nc1 Ne5 14. Be2 g5 15. Rb1
Nh5 16. O-O O-O 17. b4 f5 18. bxc5 bxc5 19. Re1 f4 20. Bf2 g4 21. fxg4 Bxg4 22.
Nd3 f3 23. Nxe5 Bxe5 24. gxf3 Nf4 25. Rb3 Qg5 26. Nb1 Bxf3+ 27. Bg3 Nh3+ 28.
Kf1 Bxe4+ 29. Bf3 Bxf3 0-1

[Event "IX Torneo Banco di Roma B"]
[Site "Roma ITA"]
[Date "1985.02.??"]
[Round "6"]
[White "D'Amore, Carlo"]
[Black "Sanna, Gianlazzaro"]
[WhiteElo "2335"]
[BlackElo "2335"]
[Result "1/2-1/2"]
[PlyCount "80"]
[EventDate "1985.02.16"]

1. e4 c5 2. Nf3 d6 3. d4 cxd4 4. Nxd4 Nf6 5. Nc3 Nc6 6. Bc4 Qb6 7. Nb3 e6 8.
Be3 Qc7 9. f4 Be7 10. Bd3 O-O 11. Qf3 a6 12. O-O-O Nb4 13. g4 Nxd3+ 14. Rxd3 b5
15. g5 Nd7 16. Bd4 f6 17. Rg1 fxg5 18. Qh5 g6 19. Qh6 Bf6 20. Rh3 Rf7 21. f5
Nf8 22. Bxf6 Rxf6 23. Qxg5 Qg7 24. Nd4 Rf7 25. fxe6 Nxe6 26. Nxe6 Bxe6 27. Rd3
Qe5 28. Qxe5 dxe5 29. Rg5 Bc4 30. Rd1 Rf2 31. b3 Bf7 32. Rd2 Rxd2 33. Kxd2 Rd8+
34. Ke3 Rc8 35. Kd3 Rc5 36. b4 Rc4 37. a3 Rd4+ 38. Ke3 Rc4 39. Kd3 Rd4+ 40. Ke3
Rc4 1/2-1/2

[Event "IX Torneo Banco di Roma B"]
[Site "Roma ITA"]
[Date "1985.02.??"]
[Round "6"]
[White "Durao, Joaquim Manuel"]
[Black "Ghitescu, Theodor"]
[WhiteElo "2250"]
[BlackElo "2455"]
[Result "1-0"]
[PlyCount "91"]
[EventDate "1985.02.16"]

1. Nf3 Nf6 2. g3 g6 3. Bg2 Bg7 4. O-O d6 5. d3 O-O 6. e4 c5 7. Nc3 Nc6 8. h3 h6
9. Be3 e5 10. Kh2 Be6 11. Nh4 Rb8 12. Ne2 b6 13. c3 d5 14. f4 dxe4 15. f5 Qxd3
16. Qxd3 exd3 17. fxe6 dxe2 18. Rxf6 Bxf6 19. Bxc6 Bxh4 20. gxh4 fxe6 21. Re1
Kg7 22. Rxe2 Rbd8 23. Be4 Rd1 24. Bc2 Ra1 25. Rg2 Rf5 26. h5 g5 27. h4 Rf3 28.
Bd2 Rff1 29. hxg5 Rh1+ 30. Kg3 hxg5 31. Bg6 Kh6 32. Kf3 Raf1+ 33. Ke4 Re1+ 34.
Bxe1 Rxe1+ 35. Kd3 e4+ 36. Kd2 Rb1 37. Ke3 Re1+ 38. Re2 Rxe2+ 39. Kxe2 g4 40.
Ke3 g3 41. Bxe4 Kxh5 42. Kf4 Kh4 43. Bg2 c4 44. Ke5 Kg4 45. Kxe6 Kf4 46. Kd5
1-0

[Event "IX Torneo Banco di Roma B"]
[Site "Roma ITA"]
[Date "1985.02.??"]
[Round "6"]
[White "Skembris, Spyridon"]
[Black "Bukal, Vladimir sr"]
[WhiteElo "2435"]
[BlackElo "2440"]
[Result "0-1"]
[PlyCount "128"]
[EventDate "1985.02.16"]

1. d4 Nf6 2. c4 c5 3. d5 b5 4. cxb5 a6 5. bxa6 Bxa6 6. g3 g6 7. Bg2 d6 8. h4
Bg7 9. Nh3 Nbd7 10. Nf4 Qb6 11. Nc3 Ng4 12. h5 c4 13. O-O Rb8 14. Qa4 Bb5 15.
Qc2 Nde5 16. a4 Bd7 17. a5 Qa7 18. Bd2 Rb3 19. Ra2 O-O 20. hxg6 hxg6 21. Nh3
Rfb8 22. Kh1 Nh6 23. Be3 Qa6 24. Qd2 Nf5 25. Bb6 Bh6 26. Qc2 Qc8 27. Ng1 Kg7
28. e4 Qh8 29. Bh3 R3xb6 30. axb6 Nxg3+ 31. fxg3 Be3 32. Kg2 Bxg1 33. Kxg1 Bxh3
34. Rf4 Qh5 35. Qe2 Bg4 36. Qh2 Qg5 37. Qf2 Rh8 38. b7 Qh5 39. Qg2 Rb8 40. Ra7
Nd3 41. Qh2 Qe5 42. Ra8 Qd4+ 43. Kf1 Nxf4 44. gxf4 Qe3 45. Kg2 Qf3+ 46. Kg1 Bh3
47. Qf2 Qg4+ 48. Kh2 Rxb7 49. e5 dxe5 50. fxe5 Qh5 51. Kg3 Bg4 52. Ra2 Qh3+ 53.
Kf4 Bh5 54. Qg3 Qf1+ 55. Ke4 Rb3 56. Kd4 Bf3 57. Qh4 Qg1+ 58. Kxc4 Qb6 59. Qxe7
Be2+ 60. Nxe2 Qb5+ 61. Kd4 Rd3+ 62. Ke4 Qxd5+ 63. Kf4 Qf3+ 64. Kg5 Qf5+ 0-1

[Event "IX Torneo Banco di Roma B"]
[Site "Roma ITA"]
[Date "1985.02.??"]
[Round "6"]
[White "Tassi, Oliviero"]
[Black "Bhend, Edwin"]
[WhiteElo "2330"]
[BlackElo "2370"]
[Result "0-1"]
[PlyCount "68"]
[EventDate "1985.02.16"]

1. e4 c5 2. Nf3 Nc6 3. d4 cxd4 4. Nxd4 Nf6 5. Nc3 e5 6. Ndb5 d6 7. Bg5 a6 8.
Na3 b5 9. Nd5 Be7 10. Bxf6 Bxf6 11. c3 Ne7 12. Nxf6+ gxf6 13. Bd3 Bb7 14. Qe2
O-O 15. O-O Kh8 16. Nc2 Ng6 17. Ne3 Nf4 18. Qc2 Rg8 19. Rfd1 f5 20. g3 Nh3+ 21.
Kf1 f4 22. Nf5 Qf6 23. a4 Ng5 24. h4 Ne6 25. Ke2 b4 26. Bc4 fxg3 27. fxg3 Rad8
28. Rf1 Qg6 29. Bd5 Bxd5 30. exd5 Nc5 31. cxb4 Qg4+ 32. Ke3 Qxb4 33. Rf3 Nb3
34. Kf2 Nxa1 0-1

[Event "IX Torneo Banco di Roma B"]
[Site "Roma ITA"]
[Date "1985.02.??"]
[Round "7"]
[White "Bhend, Edwin"]
[Black "D'Amore, Carlo"]
[WhiteElo "2370"]
[BlackElo "2335"]
[Result "1/2-1/2"]
[PlyCount "114"]
[EventDate "1985.02.16"]

1. e4 g6 2. f4 c6 3. d3 d5 4. e5 h5 5. c3 Nh6 6. Be3 Na6 7. Nf3 Bg4 8. Bf2 Nf5
9. Qb3 Qc8 10. Ng5 h4 11. Nd2 Bh6 12. Be2 Bxe2 13. Kxe2 Bxg5 14. fxg5 h3 15. g3
Nc7 16. Nf3 Ne6 17. Kd2 Qd7 18. g4 Nfg7 19. Rhg1 c5 20. a4 Rc8 21. d4 c4 22.
Qb5 Rc6 23. Be3 Nc7 24. Qb4 Rb6 25. Qa3 Rb3 26. Qa2 a5 27. Kc2 Na6 28. Rae1 b5
29. axb5 Rxb5 30. Ra1 O-O 31. Bc1 Ne6 32. Kd1 Rfb8 33. Qa4 Nac7 34. Qc2 Kg7 35.
Qf2 a4 36. Rf1 Rf8 37. Nh4 Nd8 38. Qg3 Rh8 39. Nf3 Ra5 40. Ng1 Qb5 41. Ne2 Kg8
42. Qf3 Rh7 43. Ra3 Nde6 44. Ke1 Qa6 45. Ra1 Rb5 46. Kf2 Rb3 47. Kg1 Qb5 48.
Ra2 Na8 49. Qf2 Nb6 50. Qe1 a3 51. Rxa3 Rxa3 52. bxa3 Qb1 53. Qf2 Na4 54. Qe3
Kf8 55. Bd2 Qb2 56. Bc1 Qc2 57. Qd2 Qb1 1/2-1/2

[Event "IX Torneo Banco di Roma B"]
[Site "Roma ITA"]
[Date "1985.02.??"]
[Round "7"]
[White "Passerotti, Pierluigi"]
[Black "Durao, Joaquim Manuel"]
[WhiteElo "2280"]
[BlackElo "2250"]
[Result "1/2-1/2"]
[PlyCount "23"]
[EventDate "1985.02.16"]

1. e4 e5 2. Nf3 Nc6 3. Bb5 a6 4. Ba4 Nf6 5. d4 exd4 6. O-O Be7 7. Re1 O-O 8. e5
Ne8 9. Nxd4 Nxd4 10. Qxd4 d6 11. Nc3 Be6 12. Bb3 1/2-1/2

[Event "IX Torneo Banco di Roma B"]
[Site "Roma ITA"]
[Date "1985.02.??"]
[Round "7"]
[White "Sanna, Gianlazzaro"]
[Black "Skembris, Spyridon"]
[WhiteElo "2335"]
[BlackElo "2435"]
[Result "1-0"]
[PlyCount "61"]
[EventDate "1985.02.16"]

1. d4 Nf6 2. c4 c5 3. d5 e5 4. Nc3 d6 5. e4 g6 6. Nf3 Bg7 7. Be2 O-O 8. O-O Ne8
9. a3 f5 10. b4 b6 11. Ne1 Nf6 12. f3 Nbd7 13. Nd3 Rf7 14. Rb1 Qf8 15. exf5
gxf5 16. bxc5 dxc5 17. f4 Ne4 18. Nxe4 fxe4 19. Nxe5 Nxe5 20. fxe5 Bxe5 21. Bb2
Bxb2 22. Rxb2 Bf5 23. Bg4 Qg7 24. Bxf5 Rxf5 25. Rxf5 Qxb2 26. Qg4+ Kh8 27. Qxe4
a6 28. h3 Qg7 29. Re5 b5 30. d6 Rd8 31. Re8+ 1-0

[Event "IX Torneo Banco di Roma B"]
[Site "Roma ITA"]
[Date "1985.02.??"]
[Round "8"]
[White "Bukal, Vladimir sr"]
[Black "Sanna, Gianlazzaro"]
[WhiteElo "2440"]
[BlackElo "2335"]
[Result "0-1"]
[PlyCount "84"]
[EventDate "1985.02.16"]

1. c4 e6 2. Nc3 d5 3. d4 Nf6 4. Bg5 Be7 5. cxd5 exd5 6. Qc2 Nbd7 7. e3 O-O 8.
Bd3 Re8 9. Nf3 Nf8 10. O-O c6 11. a3 Bd6 12. h3 Be6 13. Ne5 c5 14. Bb5 cxd4 15.
exd4 Re7 16. f4 Qb6 17. Qf2 Bf5 18. a4 Bb4 19. Bxf6 Bxc3 20. bxc3 Qxf6 21. Bd3
Bxd3 22. Nxd3 Rc8 23. Nb4 Qd6 24. Qf3 Re4 25. Rae1 f5 26. Qd3 a5 27. Nc2 g6 28.
Rb1 Ne6 29. g3 Qc6 30. Ne3 Nc7 31. Rf3 Ne8 32. g4 Nd6 33. gxf5 gxf5 34. Kh1
Qxc3 35. Nxd5 Qxd3 36. Rxd3 Kf7 37. Rb6 Re1+ 38. Kg2 Ne4 39. Rxb7+ Ke6 40. Nc7+
Kd6 41. Nb5+ Kd5 42. Kf3 Rc2 0-1

[Event "IX Torneo Banco di Roma B"]
[Site "Roma ITA"]
[Date "1985.02.??"]
[Round "8"]
[White "D'Amore, Carlo"]
[Black "Ghitescu, Theodor"]
[WhiteElo "2335"]
[BlackElo "2455"]
[Result "0-1"]
[PlyCount "110"]
[EventDate "1985.02.16"]

1. Nf3 Nf6 2. g3 g6 3. b3 Bg7 4. Bb2 d6 5. d4 c5 6. c4 O-O 7. Bg2 Nc6 8. O-O
Bg4 9. dxc5 dxc5 10. h3 Bf5 11. Nfd2 Qc8 12. g4 Be6 13. f4 Nxg4 14. Bxg7 Ne3
15. Qc1 Nxf1 16. Bxf8 Nxd2 17. Nxd2 Qxf8 18. Qc3 Rd8 19. Ne4 Nd4 20. Re1 b6 21.
Qg3 Qg7 22. e3 Nf5 23. Qf2 h6 24. Kh2 Bc8 25. Re2 Bb7 26. Rd2 Rxd2 27. Qxd2
Bxe4 28. Bxe4 Nd6 29. Bd3 Qf6 30. Kg2 Kg7 31. a3 e5 32. Qc3 exf4 33. Qxf6+ Kxf6
34. exf4 a5 35. Kf3 Nf5 36. Ke4 Ke6 37. Bb1 Nd4 38. b4 f5+ 39. Ke3 g5 40. bxa5
bxa5 41. Bd3 Kf6 42. Bf1 Ne6 43. fxg5+ hxg5 44. Bd3 Ke5 45. Bf1 Nf4 46. Kf3 Ng6
47. Bd3 Kd4 48. Bxf5 Nh4+ 49. Kg4 Nxf5 50. Kxg5 Ke5 51. Kg6 Nh4+ 52. Kg5 Ng2
53. a4 Kd4 54. Kg4 Kxc4 55. Kg3 Kb3 0-1

[Event "IX Torneo Banco di Roma B"]
[Site "Roma ITA"]
[Date "1985.02.??"]
[Round "8"]
[White "Tassi, Oliviero"]
[Black "Passerotti, Pierluigi"]
[WhiteElo "2330"]
[BlackElo "2280"]
[Result "1/2-1/2"]
[PlyCount "34"]
[EventDate "1985.02.16"]

1. c4 f5 2. Nf3 Nf6 3. b3 g6 4. Bb2 Bg7 5. e3 d6 6. d4 e5 7. dxe5 Ng4 8. Be2
Nxe5 9. Nxe5 Bxe5 10. Bxe5 dxe5 11. Qxd8+ Kxd8 12. Nc3 c6 13. O-O-O+ Ke7 14.
Rd2 Be6 15. Rhd1 Nd7 16. Na4 Rhd8 17. Kc2 Rac8 1/2-1/2

[Event "IX Torneo Banco di Roma B"]
[Site "Roma ITA"]
[Date "1985.02.??"]
[Round "9"]
[White "Bhend, Edwin"]
[Black "Bukal, Vladimir sr"]
[WhiteElo "2370"]
[BlackElo "2440"]
[Result "0-1"]
[PlyCount "92"]
[EventDate "1985.02.16"]

1. e4 e6 2. d4 d5 3. Nd2 Nf6 4. e5 Nfd7 5. c3 c5 6. f4 Nc6 7. Ngf3 Qb6 8. Nb3
a5 9. a4 Be7 10. Bb5 c4 11. Nbd2 Na7 12. b3 Nxb5 13. axb5 Qxb5 14. bxc4 dxc4
15. Ba3 Nb6 16. Bxe7 Kxe7 17. O-O Nd5 18. Qc1 Kf8 19. Ng5 h6 20. Nge4 Qc6 21.
Nd6 f5 22. Rf3 b5 23. Qe1 Bd7 24. Qh4 a4 25. g4 b4 26. cxb4 Qb6 27. Qf2 c3 28.
N2c4 Qxb4 29. gxf5 exf5 30. Qg2 Ne7 31. Rxc3 Qxc3 32. Qxa8+ Nc8 33. Rd1 Ke7 34.
Qd5 Rf8 35. Qc5 Qf3 36. Nxc8+ Kf7 37. N4d6+ Kg6 38. Ne7+ Kh7 39. Rf1 Qh3 40. d5
a3 41. Qa7 Qb3 42. Qxd7 Qe3+ 43. Kh1 Qh3 44. Qb5 Rb8 45. Nb7 Rxb7 46. Qa6 Rb6
0-1

[Event "IX Torneo Banco di Roma B"]
[Site "Roma ITA"]
[Date "1985.02.??"]
[Round "9"]
[White "Durao, Joaquim Manuel"]
[Black "Tassi, Oliviero"]
[WhiteElo "2250"]
[BlackElo "2330"]
[Result "1/2-1/2"]
[PlyCount "28"]
[EventDate "1985.02.16"]

1. d4 Nf6 2. Nf3 e6 3. c4 c5 4. Nc3 cxd4 5. Nxd4 Be7 6. e4 d6 7. Be2 O-O 8. O-O
a6 9. Be3 Nbd7 10. Qd2 Qc7 11. f3 b6 12. Rfd1 Bb7 13. Rac1 Rfe8 14. b3 Rad8
1/2-1/2

[Event "IX Torneo Banco di Roma B"]
[Site "Roma ITA"]
[Date "1985.02.??"]
[Round "9"]
[White "Ghitescu, Theodor"]
[Black "Skembris, Spyridon"]
[WhiteElo "2455"]
[BlackElo "2435"]
[Result "1/2-1/2"]
[PlyCount "32"]
[EventDate "1985.02.16"]

1. d4 d5 2. c4 dxc4 3. Nf3 Nf6 4. Nc3 Nbd7 5. e4 Nb6 6. a4 a5 7. Ne5 e6 8. Be3
Bb4 9. f3 Bd7 10. Nxc4 Nxa4 11. Rxa4 b5 12. Ra1 bxc4 13. Bxc4 c5 14. O-O cxd4
15. Bxd4 Qc7 16. Bb5 O-O 1/2-1/2